LEADER 01126nam 2200373 450 001 9910823276603321 005 20230817185525.0 010 $a88-921-8518-7 035 $a(CKB)4940000000148038 035 $a(MiAaPQ)EBC5982344 035 $a(EXLCZ)994940000000148038 100 $a20200526d2019 uy 0 101 0 $aeng 135 $aurcnu|||||||| 181 $ctxt$2rdacontent 182 $cc$2rdamedia 183 $acr$2rdacarrier 200 10$aAdoption of unconventional financial institutions $ea European perspective /$fMaha Radwan 210 1$aTorino :$cG. Giappichelli Editore,$d[2019] 210 4$dİ2019 215 $a1 online resource (129 pages) 225 0 $aEuropean Islamic Finance Series ;$v3 311 $a88-921-2933-3 606 $aFinance$xReligious aspects$xIslam 615 0$aFinance$xReligious aspects$xIslam. 676 $a332.091767 700 $aRadwan$b Maha$0787133 801 0$bMiAaPQ 801 1$bMiAaPQ 801 2$bMiAaPQ 906 $aBOOK 912 $a9910823276603321 996 $aAdoption of unconventional financial institutions$91753498 997 $aUNINA